Destreza mental : (Record no. 219784)
[ view plain ]
| 000 -CABECERA | |
|---|---|
| campo de control de longitud fija | 01907nam a2200325 a 4500 |
| 003 - IDENTIFICADOR DEL NÚMERO DE CONTROL | |
| campo de control | OSt |
| 005 - FECHA Y HORA DE LA ÚLTIMA TRANSACCIÓN | |
| campo de control | 20240306140045.0 |
| 008 - DATOS DE LONGITUD FIJA--INFORMACIÓN GENERAL | |
| campo de control de longitud fija | 240306s2022 mx a|||| |||| 001 0 spa d |
| 020 ## - NÚMERO INTERNACIONAL ESTÁNDAR DEL LIBRO | |
| Número Internacional Estándar del Libro | 978-607-458-144-7 |
| 020 ## - NÚMERO INTERNACIONAL ESTÁNDAR DEL LIBRO | |
| Número Internacional Estándar del Libro | 978-607-458-145-4 (Volumen 1) |
| 020 ## - NÚMERO INTERNACIONAL ESTÁNDAR DEL LIBRO | |
| Número Internacional Estándar del Libro | 978-607-458-146-4 (Volumen 2) |
| 020 ## - NÚMERO INTERNACIONAL ESTÁNDAR DEL LIBRO | |
| Número Internacional Estándar del Libro | 978-607-458-147-8 (Volumen 3) |
| 040 ## - FUENTE DE LA CATALOGACIÓN | |
| Centro/agencia transcriptor | CHAP |
| Normas de descripción | rda |
| 082 00 - NÚMERO DE LA CLASIFICACIÓN DECIMAL DEWEY | |
| Número de edición | 22 |
| Número de clasificación | 153.4 |
| Número de documento/Ítem | B36 |
| 100 1# - ENTRADA PRINCIPAL--NOMBRE DE PERSONA | |
| 9 (RLIN) | 160704 |
| Nombre de persona | Baeza Gómez, Guadalupe |
| 245 00 - MENCIÓN DE TÍTULO | |
| Título | Destreza mental : |
| Resto del título | desafios para estar mentalmente en forma / |
| Mención de responsabilidad, etc. | por Guadalupe Baeza Gómez y Rafael Enríquez Raya. |
| 264 #1 - PRODUCCIÓN, PUBLICACIÓN, DISTRIBUCIÓN, FABRICACIÓN Y COPYRIGHT | |
| Producción, publicación, distribución, fabricación y copyright | Ciudad de México : |
| Nombre del de productor, editor, distribuidor, fabricante | Publicaciones Interactivas, |
| Fecha de producción, publicación, distribución, fabricación o copyright | 2022. |
| 300 ## - DESCRIPCIÓN FÍSICA | |
| Extensión | 3 volumenes + 4 CD +1 tablero + 1 paquete de 50 cartas + 1 paqutete de 75 cartas + 1 cronometro + 1 dado. |
| 336 ## - TIPO DE CONTENIDO | |
| Fuente | rdacontent |
| Término de tipo de contenido | texto |
| Código de tipo de contenido | txt |
| 337 ## - TIPO DE MEDIO | |
| Fuente | rdamedia |
| Nombre/término del tipo de medio | sin medio |
| Código del tipo de medio | n |
| 338 ## - TIPO DE SOPORTE | |
| Fuente | rdacarrier |
| Nombre/término del tipo de soporte | volumen |
| Código del tipo de soporte | nc |
| 500 ## - NOTA GENERAL | |
| Nota general | Para el uso de CD : requerimientos mínimos del sistema: Microsoft "Windows" 8, 8.1, 10 y 11. macOS 10.5 Leopard o superior, Unidad lectora de CD-ROM, Tarjeta de video de 512 MB, Resolución de pantalla 1280 X 720 pixeles, Procesador Dual Core de 2 Ghz, Memoria Ram 4 GB, Espacio mínimo requerido en Disco Duro de 4 GB. |
| 505 ## - NOTA DE CONTENIDO CON FORMATO | |
| Información miscelánea | V. 1. Herramientas para sus sentidos. -- V. 2. Orientación inicial. -- V. 3. 226 ejercicios para su mente. -- CD 1. Nivel básico. -- CD 2. Nivel intermedio. -- CD 3. Nivel avanzado. -- CD 4. Nivel experto. -- Juego desafio mental contiene: 1 tablero 44x68 cm papel couche, 75 tarjetas en cartulina de 8x5.5 cm y 1 dado. -- Juego ¿Qué me cuentas? contiene 50 tarjetas de cartulina de 8x5.5 cm y 1 cronómetro. |
| 650 #4 - PUNTO DE ACCESO ADICIONAL DE MATERIA--TÉRMINO DE MATERIA | |
| 9 (RLIN) | 160705 |
| Término de materia o nombre geográfico como elemento de entrada | Cognición |
| Subdivisión general | Problemas y ejercicios |
| 650 #4 - PUNTO DE ACCESO ADICIONAL DE MATERIA--TÉRMINO DE MATERIA | |
| 9 (RLIN) | 160707 |
| Término de materia o nombre geográfico como elemento de entrada | Memoria |
| Subdivisión general | Problemas y ejercicios |
| 650 #4 - PUNTO DE ACCESO ADICIONAL DE MATERIA--TÉRMINO DE MATERIA | |
| 9 (RLIN) | 143098 |
| Término de materia o nombre geográfico como elemento de entrada | Inteligencia humana |
| Subdivisión general | Evolución |
| 700 1# - PUNTO DE ACCESO ADICIONAL--NOMBRE DE PERSONA | |
| 9 (RLIN) | 188874 |
| Nombre de persona | Enríquez Raya, Rafael |
| 942 ## - ELEMENTOS DE PUNTO DE ACCESO ADICIONAL (KOHA) | |
| Fuente del sistema de clasificación o colocación | Dewey Decimal Classification |
| 942 ## - ELEMENTOS DE PUNTO DE ACCESO ADICIONAL (KOHA) | |
| Tipo de ítem Koha | Libro |
| Estado de retiro | Estado de pérdida | Fuente del sistema de clasificación o colocación | Estado dañado | Restricciones de uso | No para préstamo | Código de colección | Localización permanente | Ubicación/localización actual | Ubicación en estantería | Fecha de adquisición | Total de préstamos | Signatura topográfica completa | Código de barras | Fecha visto por última vez | Precio válido a partir de | Tipo de ítem Koha |
|---|---|---|---|---|---|---|---|---|---|---|---|---|---|---|---|---|
| Dewey Decimal Classification | Préstamo interno | Especial | Biblioteca Central | Biblioteca Central | Planta alta - Área de Tesis - Especial | 06/03/2024 | 153.4 B36 v.1 | 33724002585127 | 06/03/2024 | 06/03/2024 | Libro | |||||
| Dewey Decimal Classification | Préstamo interno | Especial | Biblioteca Central | Biblioteca Central | Planta alta - Área de Tesis - Especial | 06/03/2024 | 153.4 B36 v.2 | 33724002585086 | 06/03/2024 | 06/03/2024 | Libro | |||||
| Dewey Decimal Classification | Préstamo interno | Especial | Biblioteca Central | Biblioteca Central | Planta alta - Área de Tesis - Especial | 06/03/2024 | 153.4 B36 v.3 | 33724002585164 | 06/03/2024 | 06/03/2024 | Libro | |||||
| Clasificación Universidad Autónoma de Chapingo | Préstamo interno | Especial | Biblioteca Central | Biblioteca Central | Planta alta - Área de Tesis - Especial | 06/03/2024 | CD-518 v.1 | 33724002585242 | 06/03/2024 | 06/03/2024 | CD | |||||
| Clasificación Universidad Autónoma de Chapingo | Préstamo interno | Especial | Biblioteca Central | Biblioteca Central | Planta alta - Área de Tesis - Especial | 06/03/2024 | CD-518 v.2 | 33724002585281 | 06/03/2024 | 06/03/2024 | CD | |||||
| Clasificación Universidad Autónoma de Chapingo | Préstamo interno | Especial | Biblioteca Central | Biblioteca Central | Planta alta - Área de Tesis - Especial | 06/03/2024 | CD-518 v.3 | 33724002585320 | 06/03/2024 | 06/03/2024 | CD | |||||
| Clasificación Universidad Autónoma de Chapingo | Préstamo interno | Especial | Biblioteca Central | Biblioteca Central | Planta alta - Área de Tesis - Especial | 06/03/2024 | CD-518 v.4 | 33724002585368 | 06/03/2024 | 06/03/2024 | CD | |||||
| Clasificación Universidad Autónoma de Chapingo | Préstamo interno | Especial | Biblioteca Central | Biblioteca Central | Planta alta - Área de Tesis - Especial | 06/03/2024 | 153.4 B36 Tablero | 33724002585049 | 06/03/2024 | 06/03/2024 | Juego | |||||
| Clasificación Universidad Autónoma de Chapingo | Préstamo interno | Especial | Biblioteca Central | Biblioteca Central | Planta alta - Área de Tesis - Especial | 06/03/2024 | 153.4 B36 Cronómetro | 33724002585205 | 06/03/2024 | 06/03/2024 | Juego |
